| 000 | 00490nam a2200169 a 4500 | ||
|---|---|---|---|
| 001 | 3651 | ||
| 005 | 20140414131903.0 | ||
| 008 | 060921s19uu xx 00 eng d | ||
| 020 | _a0-671-67597-4 | ||
| 050 |
_aFIC _bH77 1990 |
||
| 100 | _aHope, Laura Lee | ||
| 245 |
_aThe new bobbsey twins #16 : _bthe case of the disappearing dinosaur / _cLaura Lee Hope. |
||
| 260 |
_aNew York : _bpocket books, _cc1990. |
||
| 300 | _a86 p. ; cm. | ||
| 440 | _aThe New Bobbsey Twins | ||
| 999 |
_c110774 _d110774 |
||